000 00355 a2200169 4500
001 186482
020 _a85-322-4551-X
040 _cMagnum
100 _aGomes, Cardoso Álvaro
240 1 0 _aO elefante xadrez
_lpor
245 1 0 _aO elefante xadrez
300 _a46
362 0 _a2001
440 1 _aFTD
697 _aLITERATURA INFANTO
942 _cBK
999 _c186482
_d186482